| 000 | 00686cam a22002531 4500 | ||
|---|---|---|---|
| 999 |
_c235009 _d235009 |
||
| 001 | 9426838 | ||
| 003 | Nust | ||
| 005 | 20170404172620.0 | ||
| 008 | 890505m19679999pk 000 0 urdr | ||
| 010 | _asa 68003960 | ||
| 035 | _a(OCoLC)19667750 | ||
| 040 |
_aDLC _cASAB _dDLC |
||
| 042 | _apremarc | ||
| 043 | _aa-pk--- | ||
| 050 | 0 | 0 |
_aDS384 _b.M32 |
| 082 | _a297.32 | ||
| 100 | 1 |
_aMaudoodi, Syed Abul ʻAla, _d1903-1979. |
|
| 245 | 1 | 0 | _aIslami riyasat. |
| 260 | _c[1967- | ||
| 300 |
_av. _c22 cm. |
||
| 500 | _aIn Urdu. | ||
| 651 | 0 |
_aPakistan _xHistory. |
|
| 906 |
_a7 _bcbc _coclcrpl _du _encip _f19 _gy-gencatlg |
||
| 942 |
_2ddc _cBK |
||